| 000 -LEADER |
| fixed length control field |
00765cam a22002531 4500 |
| 001 - CONTROL NUMBER |
| control field |
19461 |
| 003 - CONTROL NUMBER IDENTIFIER |
| control field |
BD-DhUAP |
| 005 - DATE AND TIME OF LATEST TRANSACTION |
| control field |
20200203160640.0 |
| 008 - FIXED-LENGTH DATA ELEMENTS--GENERAL INFORMATION |
| fixed length control field |
200203t20122004ii 000 0 eng |
| 020 ## - INTERNATIONAL STANDARD BOOK NUMBER |
| International Standard Book Number |
9788180385551 |
| 040 ## - CATALOGING SOURCE |
| Original cataloging agency |
DLC |
| Transcribing agency |
CarP |
| Modifying agency |
BD-DhUAP |
| Language of cataloging |
Eng |
| 082 ## - DEWEY DECIMAL CLASSIFICATION NUMBER |
| Edition number |
23 |
| Classification number |
341 BEN |
| 100 1# - MAIN ENTRY--PERSONAL NAME |
| Personal name |
Bentham, Jeremy. |
| 245 10 - TITLE STATEMENT |
| Title |
Bentham's Theory of legislation / |
| Statement of responsibility, etc. |
Jeremy Behtham ; with revised and enlarged introduction by Upendra Baxi. |
| 260 ## - PUBLICATION, DISTRIBUTION, ETC. |
| Place of publication, distribution, etc. |
Nagpur : |
| Name of publisher, distributor, etc. |
Bentham's Theory of legislation |
| Date of publication, distribution, etc. |
c2004 [Reprinted 2012]. |
| 300 ## - PHYSICAL DESCRIPTION |
| Extent |
xxxii, 295 pages ; |
| Dimensions |
22 cm. |
| 500 ## - GENERAL NOTE |
| General note |
Includes index. |
| 650 #0 - SUBJECT ADDED ENTRY--TOPICAL TERM |
| Topical term or geographic name entry element |
Law |
| General subdivision |
Philosophy. |
| 650 #0 - SUBJECT ADDED ENTRY--TOPICAL TERM |
| Topical term or geographic name entry element |
Utilitarianism. |
| 650 #0 - SUBJECT ADDED ENTRY--TOPICAL TERM |
| Topical term or geographic name entry element |
Civil law. |
| 650 #0 - SUBJECT ADDED ENTRY--TOPICAL TERM |
| Topical term or geographic name entry element |
Criminal law. |
| 700 ## - ADDED ENTRY--PERSONAL NAME |
| Personal name |
Baxi, Upendra. |
| 942 ## - ADDED ENTRY ELEMENTS (KOHA) |
| Source of classification or shelving scheme |
|
| Koha item type |
Book |